=LDR 00000nam 2200000 4500 =001 INLIS000000000023479 =005 20230113021706 =035 ##$$a 0010-061300000023479 =008 230113################g##########0#ind## =041 ##$$a Ind =082 ##$$a 438 =090 ##$$a 438, Ami p =100 ##$$a Amir =245 1#$$a Percakapan Bahasa Jerman Praktis /$c Drs. Amir, M.Pd. =260 ##$$a Bandung :$b Pustaka Grafika,$c 2003 =300 ##$$a 128 hlm : $b ilus. ; $c 12 x 20 cm =650 #4$$a Bahasa Asing =850 ##$$a NBPNMAT =020 ##$$a 979-730-179-7 =084 ##$$a 438 AMI p =250 ##$$a Cet. 1 =500 ##$$a Biografi hlm. 125-126 =504 ##$$a Bibliografi hlm. 124 =990 ##$$a 0001/BPAP-NTB/2016 =990 ##$$a 30608193